|
|
|
|
| LEADER |
00000nam a22000007a 4500 |
| 005 |
20190402233139.0 |
| 007 |
cr|||| |||| |
| 008 |
190402s2017 es |||||s|||| 00||0 esp d |
| 020 |
|
|
|a 978-84-947743-7-9
|
| 035 |
|
|
|a 23068
|
| 040 |
|
|
|a vLex
|
| 090 |
|
|
|c 8552
|d 8552
|
| 100 |
1 |
|
|a Serrat Juli,̉ Miquel °ngel
|
| 245 |
1 |
0 |
|a Liderando el ¿bienestar? laboral
|h [Recurso electrn̤ico] :
|b Orden o Caos /
|c Miquel °ngel Serrat Julỉ
|
| 256 |
|
|
|a Servicio en ln̕ea
|
| 260 |
|
|
|a Barcelona:
|b J.M. Bosch Editor,
|c 2017
|
| 300 |
|
|
|a 1 recurso electrn̤ico
|
| 500 |
|
|
|a De la voluntad pedagg̤ica del autor ha surgido este libro que asienta sus ideas sobre la necesidad imperiosa que tienen los ld̕eres y las empresas modernas de mejorar eficazmente la calidad de vida laboral y hacer del bienestar organizacional un punto fuerte de su cultura corporativa. Un relato que engancha, especialmente cuando leemos los capt̕ulos sobre las emociones humanas, su proyeccin̤ y la necesidad de una mejor gestin̤ de las mismas en el entorno laboral. El mundo del trabajo es un universo tan complejo como cambiante. Campo de experimentacin̤ para las ciencias sociales, se convierte en un territorio de batalla de luchas cotidianas que mueven la historia y, por ende, modelan nuestras vidas, porque no podemos sustraernos ni aislarnos. En sus manos tiene usted la sn̕tesis de un estudioso de la prevencin̤ y de la seguridad integral sobre lo que es y debera̕ ser el trabajo en una sociedad responsable, comprometida y moderna. Como docente, el autor consigue conmover (nos abre los ojos), convencer (propicia una mocin̤ de ǹimo y auto-reflexin̤) y, magistralmente, consigue instruir a su auditorio (nos acerca a la mejor praxis para comprender y convertir el entorno laboral en un entorno de bienestar global). Aqu ̕encontrar ̀el lector muchas claves. Claves de la transformacin̤ social, o de una mera supervivencia, segn︢ sean las expectativas de cada cual.
|
| 506 |
1 |
|
|a Disponible solo en los productos indicados
|d vLex Global
|d vLex Global (Academic Edition, excluding Law Schools)
|d vLex Global (U.S. Academic Edition, Law Schools)
|d vLex Global (U.S. Academic Edition, excluding Law Schools)
|d vLex Global (Academic Edition, Law Schools)
|
| 650 |
0 |
4 |
|a Seguridad y Salud Laboral
|z Espaą
|
| 740 |
0 |
|
|a vLex Libros (Servicio en ln̕ea)
|
| 856 |
4 |
0 |
|u http://vlex.com/source/liderando-el-bienestar-laboral-orden-o-caos-23068
|z Acceso restringido
|
| 942 |
|
|
|c BOOK
|
| 999 |
0 |
|
|a Occupational Health & Safety
|